000 00476nam a2200193 a 4500
001 1762492939805
003 ACL
005 20251107105649.0
008 251107s1997##################000#0#eng##
020 _a9780792399872
082 0 4 _a658.4012
_bPAP
100 1 _aPapadakis, Vassilis,
_eauthor.
245 1 0 _aStrategic Decisions :
260 _bSpringer,
_c1997.
300 _a319 pages
650 0 _aBusiness & Economics.
942 _cENGLISH
040 _aACL
_beng
_cACL
999 _c596395
_d596395